Countries with a "J" - Statistics

General Stats
  • This quiz has been taken 59 times
  • The average score is 5 of 7
Answer Stats
Answer % Correct
Japan
88%
Jamaica
84%
Jordan
84%
Djibouti
71%
Tajikistan
69%
Azerbaijan
65%
Fiji
55%
No matching quizzes found
Score Distribution
Percent of People with Each Score
Percentile by Number Answered
Your Score History
You have not taken this quiz